00251 2200109 4500245004900000250001100049100001800060650001600078005001900094041001400113084001400127 aMAKANAN DAN MINUMAN TRADISIONAL BETAWIhText aCet. 1 aAnnisa Aliyya aKarya Siswa a20250424101201 aIndonesia a081 ANN m